| 000 | 01642cam a2200205 4500 | ||
|---|---|---|---|
| 001 | ##L132273 | ||
| 008 | 060123n2006 000 0 eng u | ||
| 035 | _a(Sirsi) u132273 | ||
| 041 | 0 | _aeng | |
| 050 | 0 | 4 | _a711.3 $2 18 |
| 110 | 1 |
_aUnited Kingdom _bOffice of the Deputy Prime Minister |
|
| 245 | 0 | 0 |
_aHousing and planning in the regions _ba consultation response |
| 260 |
_aLondon _bODPM _c2006 |
||
| 520 | _aGovernment has responded to ODPM's regional planning proposals set out in its September 2004 consultation paper Housing and planning in the regions. The consultation paper followed the Barker review of housing supply's recommendations that Regional Planning Bodies and Regional Planning Boards should be merged to create single bodies responsible for managing regional housing markets, delivering the region's affordability goal and advising on distributing resources for social housing. These merged bodies should be supported by strong and independent Regional Planning Executives providing public advice to the merged bodies on housing numbers and allocation of housing within the region in order to achieve the region's market affordability target. Government has accepted the need for this merger and for the provision of an independent national advice unit to be set up by autumn 2006. | ||
| 590 | _aIKA310106, KA | ||
| 650 |
_aAffordable housing _96215 |
||
| 690 | _aENVIRONMENTAL AND LAND CONSULTANCY-PLANNING AND DEVELOPMENT-STRATEGIC PLANNING | ||
| 856 | 4 | 0 |
_uhttps://www.communities.gov.uk/index.asp?id=1163049 _zView the consultation paper and government response free of charge at www.dclg.gov.uk... |
| 942 | _n0 | ||
| 999 |
_c105076 _d105076 |
||